High-performance training for sports the authoritative guide for ultimate athletic conditioning / (Record no. 46286)

MARC details
000 -LEADER
fixed length control field 03351nam a22002297a 4500
003 - CONTROL NUMBER IDENTIFIER
control field CUTN
005 - DATE AND TIME OF LATEST TRANSACTION
control field 20251204115324.0
008 - FIXED-LENGTH DATA ELEMENTS--GENERAL INFORMATION
fixed length control field 251204b |||||||| |||| 00| 0 eng d
020 ## - INTERNATIONAL STANDARD BOOK NUMBER
International Standard Book Number 9781492592907
041 ## - LANGUAGE CODE
Language English
082 ## - DEWEY DECIMAL CLASSIFICATION NUMBER
Classification number 612.044
Item number JOY
100 ## - MAIN ENTRY--PERSONAL NAME
Personal name Joyce, David
245 ## - TITLE STATEMENT
Title High-performance training for sports the authoritative guide for ultimate athletic conditioning /
Statement of responsibility, etc David Joyce, Daniel Lewindon, Dan Pfaff
250 ## - EDITION STATEMENT
Edition statement 2nd ed.
260 ## - PUBLICATION, DISTRIBUTION, ETC. (IMPRINT)
Place of publication, distribution, etc Champaign, IL :
Name of publisher, distributor, etc Human Kinetics, Inc,
Date of publication, distribution, etc 2022.
300 ## - PHYSICAL DESCRIPTION
Extent XI, 442 p. :
Other physical details Illustrationen, Diagramme ;
505 ## - FORMATTED CONTENTS NOTE
Contents Foreword by Dan PfaffIntroduction: Understanding Modern AthletesDavid Joyce and Daniel LewindonPart I. Establishing and Developing ResilienceChapter 1. Understanding Athletes’ Capacity and ReadinessMichael R. McGuigan, PhD, CSCS*D, and Jo ClubbChapter 2. Working With Younger AthletesRhodri S. Lloyd, PhD, Jon L. Oliver, PhD, and Sean P. Cumming, PhDChapter 3. Promoting Mental HealthSamuel Cumming, Susan Wood, and James BellChapter 4. Optimising Movement EfficiencyMatt Jordan, PhD, CSCSChapter 5. Developing Trunk Strength and CoordinationLoren LandowChapter 6. Gaining Flexibility for Strength and PerformanceVernon C. Griffith II, CSCS*D, TSAC-F*DChapter 7. Fuelling for Training and PerformanceDan Ellis and Graeme L. CloseChapter 8. Monitoring Fitness and PerformanceStuart Cormack, PhD, and Aaron J. Coutts, PhDPart II. Developing Athletic CapabilitiesChapter 9. Impacting a Training Environment PositivelyBrett BartholomewChapter 10. Strength TrainingEamonn P. Flanagan, PhDChapter 11. Speed TrainingJean-Benoit Morin and Stuart McMillanChapter 12. Jumping and Landing TrainingJeremy M. Sheppard, PhD, and Dana Agar-Newman, MScChapter 13. Agility TrainingSophia Nimphius, PhDChapter 14. Anaerobic Power TrainingDavid T. Martin, PhDChapter 15. Aerobic Power TrainingMartin Buchheit and Paul LaursenChapter 16. Cueing for Training and PerformanceNick Winkelman, PhDChapter 17. Translating Athletic Qualities Into Sport PerformanceDuncan N. FrenchChapter 18. Managing Mental and Physical StressorsJohn KielyPart III. Enhancing and Sustaining PerformanceChapter 19. Program DesignBenjamin Rosenblatt, ASCCChapter 20. PreseasonDarren BurgessChapter 21. In-SeasonDarcy Norman, PT, ATC, CSCSChapter 22. Off-SeasonTeena Murray and Derek M. HansenChapter 23. Warm-Up and Cool-DownRett LarsonChapter 24. PeakingG. Gregory Haff, PhD, CSCS*D, FNSCA, AWF-3, ASCC, ASCA-2Chapter 25. RecoveryShona L. Halson, PhD, and Lorena Torres-Ronda, PhDChapter 26. LearningSam Robertson, PhD, and Jacqueline Tran, PhDChapter 27. Retraining the Injured AthleteDavid Joyce, MSc, MBA, and Daniel Lewindon, MSc<br/>
520 ## - SUMMARY, ETC.
Summary, etc Short, factual description of the book (summary of what it includes, without subjective or promotional language.) This second edition presents the latest, evidence-based ways to build and train athletes for optimal performance while reducing the risk of injury and burnout. Building better athletes requires close attention to their physical, psychological, and emotional development and regular assessment of their progress and well-being. Mindful programming prepares athletes to peak at just the right time while allowing time off for physical and emotional recovery
700 ## - ADDED ENTRY--PERSONAL NAME
Personal name Lewindon, Daniel
700 ## - ADDED ENTRY--PERSONAL NAME
Personal name Pfaff, Dan
942 ## - ADDED ENTRY ELEMENTS (KOHA)
Source of classification or shelving scheme Dewey Decimal Classification
Koha item type General Books
Holdings
Withdrawn status Lost status Source of classification or shelving scheme Damaged status Not for loan Collection code Home library Location Shelving location Date of Cataloging Total Checkouts Full call number Barcode Date last seen Price effective from Koha item type
    Dewey Decimal Classification     Non-fiction CUTN Central Library CUTN Central Library Medicine, Technology & Management 04/12/2025   612.044 JOY 54700 04/12/2025 04/12/2025 General Books